<?xml version="1.0" encoding="UTF-8"?>
<collection xmlns="http://www.loc.gov/MARC21/slim">
 <record>
  <leader>01738nam a22002417a 4500</leader>
  <controlfield tag="001">NCT_41528</controlfield>
  <controlfield tag="008">180615b        xxu||||| |||| 00| 0 vie d</controlfield>
  <datafield tag="999" ind1=" " ind2=" ">
   <subfield code="c">1996</subfield>
   <subfield code="d">1996</subfield>
  </datafield>
  <datafield tag="020" ind1=" " ind2=" ">
   <subfield code="c">38000</subfield>
  </datafield>
  <datafield tag="082" ind1="0" ind2="4">
   <subfield code="2">23rd ed.</subfield>
   <subfield code="a">303.482</subfield>
   <subfield code="b">Th107</subfield>
  </datafield>
  <datafield tag="100" ind1="1" ind2=" ">
   <subfield code="a">Mai Thị Kim Thanh</subfield>
  </datafield>
  <datafield tag="245" ind1="1" ind2="0">
   <subfield code="a">Giáo trình xã hội học văn hóa</subfield>
   <subfield code="c">Mai Thị Kim Thanh</subfield>
  </datafield>
  <datafield tag="260" ind1=" " ind2=" ">
   <subfield code="a">H.</subfield>
   <subfield code="b">Giáo dục Việt Nam</subfield>
   <subfield code="c">2011</subfield>
  </datafield>
  <datafield tag="300" ind1=" " ind2=" ">
   <subfield code="a">223 tr.</subfield>
   <subfield code="c">24 cm</subfield>
  </datafield>
  <datafield tag="520" ind1="3" ind2=" ">
   <subfield code="a">Nội dung của quyển giáo trình gồm : những vấn đề thiết yếu về xã hội học văn hóa, lý thuyết, phương pháp thu thập thông tin chính và các bước triển khai trong nghiên cứu xã hội, các thành tố cơ bản trong nghiên cứu xã hội và văn hóa qua một số lĩnh vực ...</subfield>
  </datafield>
  <datafield tag="653" ind1=" " ind2=" ">
   <subfield code="a">Quan hệ công chúng</subfield>
  </datafield>
  <datafield tag="942" ind1=" " ind2=" ">
   <subfield code="2">ddc</subfield>
   <subfield code="c">BK</subfield>
  </datafield>
  <datafield tag="952" ind1=" " ind2=" ">
   <subfield code="0">0</subfield>
   <subfield code="1">0</subfield>
   <subfield code="2">ddc</subfield>
   <subfield code="4">0</subfield>
   <subfield code="6">303_482000000000000_TH107</subfield>
   <subfield code="7">0</subfield>
   <subfield code="9">10673</subfield>
   <subfield code="a">000001</subfield>
   <subfield code="b">000001</subfield>
   <subfield code="d">2018-06-15</subfield>
   <subfield code="o">303.482 Th107</subfield>
   <subfield code="p">MD.09632</subfield>
   <subfield code="r">2018-06-15</subfield>
   <subfield code="v">38000.00</subfield>
   <subfield code="w">2018-06-15</subfield>
   <subfield code="y">BK</subfield>
  </datafield>
  <datafield tag="952" ind1=" " ind2=" ">
   <subfield code="0">0</subfield>
   <subfield code="1">0</subfield>
   <subfield code="2">ddc</subfield>
   <subfield code="4">0</subfield>
   <subfield code="6">303_482000000000000_TH107</subfield>
   <subfield code="7">0</subfield>
   <subfield code="9">10674</subfield>
   <subfield code="a">000001</subfield>
   <subfield code="b">000001</subfield>
   <subfield code="d">2018-06-15</subfield>
   <subfield code="o">303.482 Th107</subfield>
   <subfield code="p">MD.09633</subfield>
   <subfield code="r">2018-06-15</subfield>
   <subfield code="v">38000.00</subfield>
   <subfield code="w">2018-06-15</subfield>
   <subfield code="y">BK</subfield>
  </datafield>
  <datafield tag="952" ind1=" " ind2=" ">
   <subfield code="0">0</subfield>
   <subfield code="1">0</subfield>
   <subfield code="2">ddc</subfield>
   <subfield code="4">0</subfield>
   <subfield code="6">303_482000000000000_TH107</subfield>
   <subfield code="7">0</subfield>
   <subfield code="9">10675</subfield>
   <subfield code="a">000001</subfield>
   <subfield code="b">000001</subfield>
   <subfield code="d">2018-06-15</subfield>
   <subfield code="o">303.482 Th107</subfield>
   <subfield code="p">MD.09634</subfield>
   <subfield code="r">2018-06-15</subfield>
   <subfield code="v">38000.00</subfield>
   <subfield code="w">2018-06-15</subfield>
   <subfield code="y">BK</subfield>
  </datafield>
  <datafield tag="952" ind1=" " ind2=" ">
   <subfield code="0">0</subfield>
   <subfield code="1">0</subfield>
   <subfield code="2">ddc</subfield>
   <subfield code="4">0</subfield>
   <subfield code="6">303_482000000000000_TH107</subfield>
   <subfield code="7">0</subfield>
   <subfield code="9">10676</subfield>
   <subfield code="a">000001</subfield>
   <subfield code="b">000001</subfield>
   <subfield code="d">2018-06-15</subfield>
   <subfield code="o">303.482 Th107</subfield>
   <subfield code="p">MD.09635</subfield>
   <subfield code="r">2018-06-15</subfield>
   <subfield code="v">38000.00</subfield>
   <subfield code="w">2018-06-15</subfield>
   <subfield code="y">BK</subfield>
  </datafield>
  <datafield tag="952" ind1=" " ind2=" ">
   <subfield code="0">0</subfield>
   <subfield code="1">0</subfield>
   <subfield code="2">ddc</subfield>
   <subfield code="4">0</subfield>
   <subfield code="6">303_482000000000000_TH107</subfield>
   <subfield code="7">0</subfield>
   <subfield code="9">10677</subfield>
   <subfield code="a">000001</subfield>
   <subfield code="b">000001</subfield>
   <subfield code="d">2018-06-15</subfield>
   <subfield code="o">303.482 Th107</subfield>
   <subfield code="p">MD.09636</subfield>
   <subfield code="r">2018-06-15</subfield>
   <subfield code="v">38000.00</subfield>
   <subfield code="w">2018-06-15</subfield>
   <subfield code="y">BK</subfield>
  </datafield>
  <datafield tag="980" ind1=" " ind2=" ">
   <subfield code="a">Thư viện Trường Đại học Nam Cần Thơ</subfield>
  </datafield>
 </record>
</collection>
